Дело о службе состоявшей при санкт-петербургских театрах, уволенной актрисы немецкой труппы, пенсионерки, иностранки Марии Полле...

Доступно только в Электронных читальных залах Найти на картеНа карте
RUSMARC
00003790nmc2a22000003x 450
0018bb49723-b911-4e18-b30f-5163fa795063
00520181227164804.0
100##$a20170703l18481859k l0rusy0189 ca
1010#$arus
102##$aRU
2001#$aДело о службе состоявшей при санкт-петербургских театрах, уволенной актрисы немецкой труппы, пенсионерки, иностранки Марии Поллерт-Юнке
$j1 ноября 1848 г. - 18 февраля 1859 г.
251##$cДело
300##$aПо Санкт-Петербургской дирекции за 1848 год
300##$aДело
801#0$aRU
$bРГИА
$c20170703
$gRCR
801#1$aRU
$bГлавНИВЦ
$c20170703
$2rusmarc
801#2$aRU
$bПБ им. Б.Н. Ельцина
$c20181227
$gRCR
$2rusmarc
850##$aРГИА
852##$aРГИА
$eФедеральное казенное учреждение "Российский государственный исторический архив" (РГИА)
$j11644
937##$hРГИА
$d12248390
$aASBIBLIO_SCAN
462#0$1001dd3991dc-24e1-42ec-8838-ca4255420416
$12001
$a1746-1850 гг.
$1251
$cОпись
$1852
$j1
461#0$10019264ebf8-de62-4f1a-9eb4-9f22098dbbd5
$12001
$aДирекция императорских театров МИДв
$1251
$cФонд
$1852
$j497
215##$a63 л.
$d36,5х26 см
371##$aДокумент не является опубликованным и широко распространяемым
105##$ay###
1222#$ad
035##$a8bb49723-b911-4e18-b30f-5163fa795063
856##$uhttp://readingroom.main.prlib.ru/item.aspx?id_node=n122540062&mode=full
Формат отображения